000 00212nam a2200085Ia 4500
008 170620s9999 xx 000 0 und d
100 _aKapoor- S.K.
245 0 _aInternational Law & Human Right
260 _bCentral Law Agency
260 _c2001
999 _c28660
_d28660